000 01297cam a2200349 i 4500
999 _c2424
_d2424
001 20844954
003 OSt
005 20230512075800.0
008 190208s2020 nyu d 000 1 eng
010 _a 2019004154
020 _a9780525707967
_q(hc)
020 _a9780525707974
_q(glb)
020 _a9780593175477
_q(international trade paperback)
040 _aDLC
_beng
_erda
_cDLC
_dKH8
082 0 0 _aFIC MCM
100 1 _aMcManus, Karen M.,
_eauthor.
245 1 0 _aOne of us is next /
_cKaren M. McManus.
250 _aFirst edition.
264 1 _aNew York :
_bDelacorte Press,
_c[2020]
300 _a375 pages ;
_c22 cm
336 _atext
_btxt
_2rdacontent
337 _aunmediated
_bn
_2rdamedia
338 _avolume
_bnc
_2rdacarrier
500 _aSequel to: One of us is lying.
520 _a"A year after the Bayview four were cleared of Simon Kelleher's death, a new mystery has cropped up--a game with dangerous consequences that's targeting students at Bayview again. And if the creator isn't found soon, dangerous could prove deadly"--
_cProvided by publisher.
650 1 _aMystery and detective stories.
650 1 _aTruth or dare (Game)
_vFiction.
650 1 _aGossip
_vFiction.
650 1 _aHigh schools
_vFiction.
650 1 _aSchools
_vFiction.
942 _2ddc
_cFIC